[Event "Roncana op-C 12th"]
[Site "Santa Eulalia de Roncana"]
[Date "2018.12.01"]
[Round "8"]
[White "Munoz Cozar, Marti"]
[Black "Fernandez Lunar, Alejandro"]
[Result "1-0"]
[WhiteElo "1011"]
[BlackElo "1419"]
[PlyCount "73"]
[EventDate "2018.09.29"]
[EventType "swiss"]
[EventRounds "8"]
[EventCountry "ESP"]
[SourceTitle "EXT 2022"]
[Source "ChessBase"]
[SourceDate "2021.10.06"]
[SourceVersion "1"]
[SourceVersionDate "2021.10.06"]
[SourceQuality "1"]

1. e4 e5 2. Nf3 Nc6 3. Nc3 Bc5 4. Bc4 d6 5. d3 Nf6 6. Bg5 0-0 7. Nd5 Be6 8. Nxf6+ gxf6 9. Bxe6 fxe6 10. Bh6 Rf7 11. Nh4 f5 12. Qh5 fxe4 13. 0-0 Qf6 14. Qg4+ Kh8 15. Be3 Raf8 16. Bxc5 dxc5 17. dxe4 Nd4 18. Rad1 Nxc2 19. Rd3 Ne1 20. Re3 Rg8 21. Qh3 Nc2 22. Rf3 Qe7 23. Rg3 Rxg3 24. hxg3 Qd7 25. Ng6+ Kg8 26. Nxe5 Qe7 27. Nxf7 Qxf7 28. Rd1 Nd4 29. Rd2 b6 30. e5 a5 31. a3 a4 32. f4 Qd7 33. Rf2 Nb3 34. Qg4+ Kf8 35. f5 Ke7 36. f6+ Ke8 37. Qg8# 1-0